000 00664nam a2200277Ia 4500
005 20260324141132.0
008 008 260324s9999 xx 000 0 eng d
020 _a9780203053713
037 _aEBOOK
040 _aCRL
040 _beng
040 _cCRL
041 _2eng
041 _aeng
084 _qCRL
100 _aElizabeth Fennema; Barbara Scott Nelson
_91207058
245 0 _aMathematics Teachers in Transition
260 _bTaylor and Francis
260 _c1997
365 _a
365 _b59.99
856 _uhttp://www.taylorfrancis.com/books/9780203053713
942 _cEBOOK
999 _c1809829
_d1809829